[Event "Capitan San Luis Memorial 3rd"]
[Site "Havana"]
[Date "2018.04.19"]
[Round "4"]
[White "Castelliny Cordovi, Pedro Luis"]
[Black "Cruz Fleitas, Alexis"]
[Result "1/2-1/2"]
[WhiteElo "2007"]
[BlackElo "1993"]
[PlyCount "96"]
[EventDate "2018.04.16"]
[EventType "swiss"]
[EventRounds "9"]
[EventCountry "CUB"]
[SourceTitle "EXT 2021"]
[Source "ChessBase"]
[SourceDate "2020.10.23"]
[SourceVersion "1"]
[SourceVersionDate "2020.10.23"]
[SourceQuality "1"]

1. d4 Nf6 2. c4 g6 3. Nc3 Bg7 4. e4 d6 5. Nf3 0-0 6. Be2 e5 7. d5 Na6 8. 0-0 Nc5 9. Nd2 a5 10. Rb1 g5 11. a3 a4 12. f3 Nh5 13. b4 axb3 14. Nxb3 Na6 15. Be3 b6 16. Qd2 h6 17. Nb5 Bd7 18. a4 Nc5 19. Bxc5 dxc5 20. a5 Bxb5 21. cxb5 Qd6 22. a6 f5 23. Qc2 f4 24. Nd2 Rf6 25. Nc4 Qe7 26. Rfd1 Rd6 27. Nxd6 cxd6 28. Kf2 Ra7 29. g4 Nf6 30. Rh1 Nh7 31. Rbg1 Bf6 32. Bd1 Nf8 33. h4 gxh4 34. Ke2 Ng6 35. Kd3 Bg5 36. Qb2 Kf7 37. Bb3 Ke8 38. Rg2 Qd8 39. Kc2 Qe7 40. Kb1 Qd8 41. Rd1 Qe7 42. Qa2 Nf8 43. Rc2 Nd7 44. Rh1 Nf8 45. Qb2 Nd7 46. Qc1 Qf6 47. Qd1 Qe7 48. Qe1 Nf8 1/2-1/2

[Event "Capitan San Luis Memorial 3rd"]
[Site "Havana"]
[Date "2018.04.18"]
[Round "3"]
[White "Melis Gras, Rolando Eusebio"]
[Black "Castelliny Cordovi, Pedro Luis"]
[Result "0-1"]
[WhiteElo "1824"]
[BlackElo "2007"]
[PlyCount "140"]
[EventDate "2018.04.16"]
[EventType "swiss"]
[EventRounds "9"]
[EventCountry "CUB"]
[SourceTitle "EXT 2021"]
[Source "ChessBase"]
[SourceDate "2020.10.23"]
[SourceVersion "1"]
[SourceVersionDate "2020.10.23"]
[SourceQuality "1"]

1. e4 e5 2. Nf3 Nc6 3. Bc4 Be7 4. 0-0 Nf6 5. Re1 0-0 6. c3 d6 7. d4 Bg4 8. d5 Nb8 9. Nbd2 Nbd7 10. b4 h6 11. Bd3 c6 12. c4 Rc8 13. Qe2 Kh8 14. Nf1 a5 15. a3 Ra8 16. Bd2 axb4 17. axb4 Qc7 18. Ne3 Bh5 19. Nf5 Nb6 20. h3 Rxa1 21. Rxa1 Ra8 22. Rxa8+ Nxa8 23. Qe3 Bf8 24. Ng3 Bg6 25. Nh4 Bh7 26. Nhf5 Nb6 27. Qf3 Nbd7 28. Be3 cxd5 29. exd5 Nb6 30. Bxb6 Qxb6 31. b5 Qc7 32. Bf1 Nd7 33. Ne4 g6 34. Nxh6 Bxh6 35. Qxf7 Bg7 36. Ng5 Bg8 37. Qxg6 Nf6 38. Qf5 Qd7 39. Qxd7 Nxd7 40. Ne4 Bf8 41. g4 Bh7 42. Ng5 Be7 43. Nxh7 Kxh7 44. Bd3+ Kh6 45. Kg2 Bh4 46. Kf3 Nc5 47. Bf1 Kg5 48. Ke3 Kf6 49. f4 exf4+ 50. Kxf4 Nd7 51. Ke4 Ne5 52. Be2 Nf7 53. Bf1 Ng5+ 54. Kf4 Be1 55. Bg2 Bd2+ 56. Kg3 Ke5 57. h4 Be1+ 58. Kh2 Bxh4 59. Bf1 Kf4 60. Be2 Ke3 61. Bf1 Kf4 62. Bd3 Kxg4 63. Kg2 Kf4 64. Be2 Ke3 65. Bf1 b6 66. Kh2 Nf3+ 67. Kh3 Bf6 68. Kg3 Nd2 69. Bh3 Nxc4 70. Bd7 Ke4 0-1